000 00783nam a22002297a 4500
003 NUST - PNEC
005 20170116180749.0
008 150303b xxu||||| |||| 00| 0 eng d
020 _a9780080983325
020 _a9789351071525
022 _a0750647183
040 _cLIBRARY
082 _a621.46 HUG
_23rd
100 _91577
_aHughes Austin
245 _aElectric motors and drives : fundamentals, types and applications
_cAustin Hughes; Bill Drury
250 _a3rd ed.
260 _aNew Delhi
_bElsevier
_cc2006
300 _a436 p. :
650 _91576
_aElectric motors
_xME, IME
856 _uhttp://www.amazon.com/Electric-Motors-Drives-Fundamentals-Applications/dp/0080983324/ref=sr_1_1?s=books&ie=UTF8&qid=1425372289&sr=1-1&keywords=9780080983325
942 _2ddc
_cBK
999 _c62471
_d62471